000 00321nam a2200133Ia 4500
008 130318s9999 xx 000 0 und d
020 _a8126502908
082 _a006.7 MAC/S
100 _aMack Steve
245 _aStreaming multimedia Bible
260 _bWiley
_aNew Delhi
_c2002
300 _a869
_e1 CD
650 _aMULTIMEDIA
999 _c624
_d624